MARC details
| 000 -CABECERA |
| campo de control de longitud fija |
02730nam a2200301 a 4500 |
| 001 - NÚMERO DE CONTROL |
| campo de control |
000004320 |
| 003 - IDENTIFICADOR DEL NÚMERO DE CONTROL |
| campo de control |
OSt |
| 005 - FECHA Y HORA DE LA ÚLTIMA TRANSACCIÓN |
| campo de control |
20260321073638.0 |
| 008 - DATOS DE LONGITUD FIJA--INFORMACIÓN GENERAL |
| campo de control de longitud fija |
090721s2002 dr 000 0 spa d |
| 020 ## - NÚMERO INTERNACIONAL ESTÁNDAR DEL LIBRO |
| ISBN cancelado o inválido |
9993476161 |
| 040 ## - FUENTE DE LA CATALOGACIÓN |
| Centro catalogador/agencia de origen |
DO-SdBNP |
| Lengua de catalogación |
spa |
| Centro/agencia transcriptor |
BNPHU |
| 082 ## - NÚMERO DE LA CLASIFICACIÓN DECIMAL DEWEY |
| Número de clasificación |
320.97293 |
| Número de documento/Ítem |
B742t, 2002 |
| 100 1# - ENTRADA PRINCIPAL--NOMBRE DE PERSONA |
| Nombre de persona |
Bosch, Juan, |
| Fechas asociadas al nombre |
1909-2001 |
| 9 (RLIN) |
76555 |
| 245 10 - MENCIÓN DE TÍTULO |
| Título |
33 artículos de temas políticos / |
| Mención de responsabilidad, etc. |
Juan Bosch. |
| 246 1# - FORMA VARIANTE DE TÍTULO |
| Título propio/Titulo breve |
Treinta y tres artículos de temas políticos |
| 250 ## - MENCIÓN DE EDICIÓN |
| Mención de edición |
2a. ed. |
| 260 ## - PUBLICACIÓN, DISTRIBUCIÓN, ETC. |
| Lugar de publicación, distribución, etc. |
Santo Domingo : |
| Nombre del editor, distribuidor, etc. |
Alfa & Omega, |
| Fecha de publicación, distribución, etc. |
2002. |
| 300 ## - DESCRIPCIÓN FÍSICA |
| Extensión |
265 p. ; |
| Dimensiones |
22 cm. |
| 505 0# - NOTA DE CONTENIDO CON FORMATO |
| Título |
Introducción -- |
| -- |
La función del líder -- |
| -- |
Consideraciones acerca del político : la vocación y el oficio -- |
| -- |
La revolución Rusa comenzó en 1905 -- |
| -- |
No todas las revoluciones han tenido programa -- |
| -- |
Ideología y táctica en la actividad política -- |
| -- |
Táctica y estrategía -- |
| -- |
Opiniones sobre la política y cultura -- |
| -- |
Algunos conceptos acerca del Estado : ¿cómo funciona ese aparato del poder? -- |
| -- |
De la Constitución de los Estados Nacionales a la Organización de las Naciones Unidas -- |
| -- |
Es sólo uno, y no tres, el poder del Estado -- |
| -- |
¿Qué es el Fondo Monetario y cómo opera -- |
| -- |
¿ Qué es una clase gubernamental? -- |
| -- |
La oligarquía financiera se ha convertido en la clase gubernamental norteamericana -- |
| -- |
El SIDA económico amenaza al mundo -- |
| -- |
Las luchas obreras en los Estados Unidos -- |
| 505 0# - NOTA DE CONTENIDO CON FORMATO |
| Título |
La crisis capitalista en la economía norteamericana -- |
| -- |
Los dólares que nos prestan valen cada vez menos -- |
| -- |
Llego la hora de adoptar una política para el oro -- |
| -- |
La guerra de las Galaxias -- |
| -- |
Salvador Allende en las memorias de Kinssiger -- |
| -- |
Un mensaje para Reagan -- |
| -- |
En la República Dominicana la social democracia es una estafa política -- |
| -- |
Una lección de la histórica : la unidad de los pueblos Centroamericanos -- |
| -- |
Nicaragua y los Estados Unidos : elecciones comparadas -- |
| -- |
Nicaragua amenazada -- |
| -- |
Vidas paralelas en América Latina -- |
| -- |
Simón Bolívar el de las luchas portentosas -- |
| -- |
Haití a travéz de su historia -- |
| -- |
Exilio y lucha antitrujillista -- |
| -- |
Un capítulo nuevo en la lucha contra Trujillo -- |
| -- |
Cartas cruzadas con el cónsul de Trujillo en Curazao -- |
| -- |
La muerte de Trujillo secreto develado. |
| 590 ## - NOTA LOCAL (RLIN) |
| Nota local |
Inventariado, 2018/ YL |
| 650 #4 - PUNTO DE ACCESO ADICIONAL DE MATERIA--TÉRMINO DE MATERIA |
| Término de materia o nombre geográfico como elemento de entrada |
Liderazgo político |
| Subdivisión general |
República dominicana |
| -- |
Ensayos, conferencias, etc. |
| 9 (RLIN) |
12746 |
| 650 #4 - PUNTO DE ACCESO ADICIONAL DE MATERIA--TÉRMINO DE MATERIA |
| Término de materia o nombre geográfico como elemento de entrada |
Política internacional |
| Subdivisión de forma |
Ensayos, conferencias, etc. |
| 9 (RLIN) |
12748 |
| 651 #4 - PUNTO DE ACCESO ADICIONAL DE MATERIA--NOMBRE GEOGRÁFICO |
| Nombre geográfico |
República Dominicana |
| Subdivisión general |
Política y gobierno |
| Subdivisión cronológica |
1930-1961 |
| Subdivisión de forma |
Ensayos, conferencias, etc. |
| 9 (RLIN) |
12747 |
| 651 #4 - PUNTO DE ACCESO ADICIONAL DE MATERIA--NOMBRE GEOGRÁFICO |
| Nombre geográfico |
República Dominicana |
| Subdivisión general |
Historia |
| Subdivisión cronológica |
Era de Trujillo, 1930-1961 |
| Subdivisión de forma |
Ensayos, conferencias, etc. |
| 9 (RLIN) |
12749 |
| 910 ## - DATOS DE OPCIÓN DEL USUARIO (OCLC) |
| Datos de opción del usuario |
Validado. Control de calidad MMOLINA |
| 942 ## - ELEMENTOS DE PUNTO DE ACCESO ADICIONAL (KOHA) |
| Fuente del sistema de clasificación o colocación |
Dewey Decimal Classification |
| Tipo de ítem Koha |
Libro |